[Event "West Wales Open"]
[Site "Swansea"]
[Date "2016.11.25"]
[Round "1.1"]
[White "Guy, David"]
[Black "Hewitt, William"]
[Result "1/2-1/2"]
[WhiteElo "1832"]
[BlackElo "2042"]
[PlyCount "56"]
[EventDate "2016.11.25"]
[EventCountry "WLS"]
[SourceDate "2016.12.01"]

1. d4 Nf6 2. c4 c5 3. d5 b5 4. cxb5 a6 5. bxa6 Bxa6 6. Nc3 d6 7. Nf3 g6 8. g3
Bg7 9. e4 Bxf1 10. Kxf1 O-O 11. Kg2 Nbd7 12. h3 Qb6 13. Qc2 Rfb8 14. Rd1 c4 15.
Rb1 Nc5 16. Be3 Nfd7 17. b4 cxb3 18. Rxb3 Qa6 19. Rxb8+ Rxb8 20. Nd4 Ne5 21.
Rb1 Rd8 22. Ndb5 Qa5 23. a4 Nc4 24. Bxc5 dxc5 25. Qd3 Ne5 26. Qc2 Nc4 27. Qd3
Ne5 28. Qc2 Nc4 1/2-1/2

[Event "West Wales Open"]
[Site "Swansea"]
[Date "2016.11.25"]
[Round "1.2"]
[White "Young, Alan"]
[Black "Jukes, Sam"]
[Result "1-0"]
[WhiteElo "2029"]
[BlackElo "1725"]
[PlyCount "83"]
[EventDate "2016.11.25"]
[EventCountry "WLS"]
[SourceDate "2016.12.01"]

1. e4 e5 2. Nf3 Nc6 3. Bb5 a6 4. Ba4 Nf6 5. d3 d6 6. c3 Be7 7. Nbd2 O-O 8. O-O
b5 9. Bc2 Nh5 10. Re1 f5 11. Bb3+ Kh8 12. Bd5 Qe8 13. Bxc6 Qxc6 14. Nxe5 dxe5
15. Qxh5 Qd6 16. Nf3 g6 17. Qh6 fxe4 18. dxe4 Be6 19. Be3 Rad8 20. Bg5 c5 21.
Bxe7 Qxe7 22. Qg5 Qxg5 23. Nxg5 Rd2 24. Rad1 Rxd1 25. Rxd1 Bxa2 26. Nf3 Bc4 27.
Nxe5 Bb3 28. Rd2 Re8 29. f4 a5 30. Kf2 b4 31. cxb4 axb4 32. Ke3 Kg8 33. Nd3 Rc8
34. g4 Kf7 35. f5 Ke7 36. e5 gxf5 37. gxf5 Bc4 38. Rg2 Kf7 39. Rc2 Bxd3 40.
Kxd3 Ke7 41. Ke4 Kf7 42. Rc4 1-0

[Event "West Wales Open"]
[Site "Swansea"]
[Date "2016.11.25"]
[Round "1.3"]
[White "Buttell, David"]
[Black "Jones, Ian Robert"]
[Result "0-1"]
[WhiteElo "1768"]
[BlackElo "1973"]
[PlyCount "92"]
[EventDate "2016.11.25"]
[EventCountry "WLS"]
[SourceDate "2016.12.01"]

1. d4 Nc6 2. e4 d5 3. e5 Bf5 4. c3 e6 5. f4 Qd7 6. Bd3 Bxd3 7. Qxd3 O-O-O 8.
Nf3 h5 9. O-O Nh6 10. b4 Kb8 11. Nbd2 Nf5 12. Nb3 b6 13. Bd2 Nce7 14. a4 Nc8
15. Rfb1 f6 16. Qa6 c6 17. Ra2 Qb7 18. Qe2 Qd7 19. Ne1 fxe5 20. fxe5 Be7 21.
Nd3 g5 22. a5 b5 23. Nbc5 Bxc5 24. Nxc5 Qe7 25. Bxg5 Qxg5 26. Nxe6 Qg6 27. Nxd8
Nxd4 28. Nxc6+ Kc7 29. Nxd4 Qxb1+ 30. Kf2 Rf8+ 31. Kg3 Qg6+ 32. Kh3 Rf2 33. g3
Rxe2 34. Rxe2 a6 35. Kg2 Ne7 36. Rf2 h4 37. Rf6 Qe4+ 38. Kh3 Qxe5 39. Rxa6 hxg3
40. hxg3 Nf5 41. Ra7+ Kc8 42. Ra8+ Kd7 43. Rd8+ Kc7 44. Rg8 Nxd4 45. cxd4 Qe6+
46. Rg4 Kb7 0-1

[Event "West Wales Open"]
[Site "Swansea"]
[Date "2016.11.25"]
[Round "1.4"]
[White "Bevan, Peter M"]
[Black "Thomas, Roy"]
[Result "1-0"]
[WhiteElo "1940"]
[BlackElo "1718"]
[PlyCount "89"]
[EventDate "2016.11.25"]
[EventCountry "WLS"]
[SourceDate "2016.12.01"]

1. c4 f5 2. Nc3 Nf6 3. Nf3 e6 4. g3 Be7 5. Bg2 O-O 6. O-O d6 7. d4 Ne4 8. Qc2
Nxc3 9. Qxc3 Na6 10. Ne1 Bf6 11. Nd3 Nc5 12. Be3 Ne4 13. Qc2 Qe8 14. f3 Ng5 15.
c5 d5 16. Ne5 Nf7 17. f4 Nh6 18. h3 Nf7 19. Qc3 Qe7 20. b4 Bxe5 21. dxe5 Bd7
22. a4 a6 23. Bd4 Rfc8 24. Rfb1 Qe8 25. Qc2 Nd8 26. e3 Nc6 27. Bf1 Na7 28. Kh2
c6 29. Bd3 Rcb8 30. g4 g6 31. Rg1 Kh8 32. gxf5 gxf5 33. Bxf5 Qf7 34. Bd3 Rg8
35. f5 Qh5 36. Qf2 Raf8 37. f6 Be8 38. Be2 Qf7 39. h4 Nc8 40. Raf1 Ne7 41.
Rxg8+ Nxg8 42. Rg1 Qd7 43. Qf4 Bf7 44. Qg3 Bg6 45. h5 1-0

[Event "West Wales Open"]
[Site "Swansea"]
[Date "2016.11.25"]
[Round "2.1"]
[White "Simon, Marek"]
[Black "Young, Alan"]
[Result "1/2-1/2"]
[WhiteElo "1846"]
[BlackElo "2029"]
[PlyCount "113"]
[EventDate "2016.11.25"]
[EventCountry "WLS"]
[SourceDate "2016.12.01"]

1. d4 d5 2. c4 dxc4 3. e4 e5 4. Nf3 exd4 5. Bxc4 Nc6 6. O-O Be6 7. Nbd2 Nf6 8.
Bb5 Be7 9. Bxc6+ bxc6 10. Qa4 O-O 11. Nxd4 Bd6 12. Nxe6 fxe6 13. e5 Bxe5 14.
Qxc6 Qd5 15. Qa4 Bd6 16. Nf3 Rab8 17. Rd1 Qh5 18. Qh4 Qg6 19. Qg5 Qf7 20. Ne5
Bxe5 21. Qxe5 Ng4 22. Qe2 Qxf2+ 23. Qxf2 Nxf2 24. Rd7 Ne4 25. Rxc7 Rf7 26. Rxf7
Kxf7 27. b3 a5 28. Be3 Rb4 29. Rc1 a4 30. Rf1+ Nf6 31. Rf4 Rxf4 32. Bxf4 axb3
33. axb3 Nd5 34. Bd6 Ke8 35. Kf2 Kd7 36. Bf8 g6 37. Kf3 e5 38. Bg7 Ke6 39. Ke4
Nc3+ 40. Kd3 Nb5 41. Kc4 Nd6+ 42. Kc5 Nf5 43. Bh8 e4 44. Kc4 e3 45. Bc3 Kd6 46.
b4 Nh4 47. g3 Nf3 48. Kd3 Nxh2 49. Kxe3 g5 50. Ke4 h5 51. Bd4 g4 52. Ke3 Kc6
53. Kf4 Kb5 54. Bc5 Nf1 55. Bd6 Kc4 56. Kg5 Nxg3 57. Bxg3 1/2-1/2

[Event "West Wales Open"]
[Site "Swansea"]
[Date "2016.11.26"]
[Round "2.2"]
[White "Jones, Ian Robert"]
[Black "Bevan, Peter M"]
[Result "0-1"]
[WhiteElo "1973"]
[BlackElo "1940"]
[PlyCount "98"]
[EventDate "2016.11.25"]
[EventCountry "WLS"]
[SourceDate "2016.12.01"]

1. e4 c5 2. Nf3 e6 3. Nc3 a6 4. d4 cxd4 5. Nxd4 Qc7 6. g3 Bb4 7. Nde2 Nf6 8.
Bg2 b5 9. a3 Ba5 10. b4 Bb6 11. Bf4 e5 12. Bg5 Bb7 13. Bxf6 gxf6 14. Qd3 Bc6
15. Rd1 Ke7 16. O-O d6 17. Kh1 Nd7 18. f4 Raf8 19. Nd5+ Bxd5 20. exd5 h5 21. h3
Rh6 22. Qf5 Qc4 23. Ng1 Bxg1 24. Kxg1 Rc8 25. Rf2 Qc3 26. Bf3 Rg8 27. Kg2 exf4
28. Qxf4 Rhg6 29. g4 Ne5 30. Be4 Nxg4 31. Bxg6 Nxf2 32. Kxf2 Rxg6 33. Re1+ Kd7
34. Qf5+ Kd8 35. Re3 Qd2+ 36. Re2 Rg2+ 37. Kxg2 Qxe2+ 38. Kh1 Qe5 39. Qf3 h4
40. Kg1 Qe1+ 41. Kg2 Qd2+ 42. Kg1 Qc1+ 43. Kg2 Qxc2+ 44. Kh1 f5 45. Qh5 Qe4+
46. Kh2 Qf4+ 47. Kh1 Ke7 48. Qh7 Qf3+ 49. Kg1 Qg3+ 0-1

[Event "West Wales Open"]
[Site "Swansea"]
[Date "2016.11.26"]
[Round "2.3"]
[White "Jones, Iolo C"]
[Black "Lutchman Singh, Karanvir"]
[Result "1-0"]
[WhiteElo "2172"]
[BlackElo "1655"]
[PlyCount "129"]
[EventDate "2016.11.25"]
[EventCountry "WLS"]
[SourceDate "2016.12.01"]

1. d4 Nf6 2. Nf3 g6 3. c4 Bg7 4. Nc3 O-O 5. g3 d6 6. Bg2 c6 7. O-O Re8 8. e4 e5
9. d5 cxd5 10. cxd5 Na6 11. Qe2 Bd7 12. Nd2 Rc8 13. Rb1 Qe7 14. Nb3 Nc5 15.
Nxc5 Rxc5 16. Be3 Rc7 17. Bxa7 b5 18. Be3 b4 19. Nb5 Rb7 20. a4 Bxb5 21. axb5
Reb8 22. Rfc1 Rxb5 23. Rc6 Nd7 24. Rbc1 Nc5 25. Qc4 Bf8 26. b3 Ra5 27. Bf1 Qa7
28. Kg2 Rb6 29. Rxb6 Qxb6 30. Bd2 Ra2 31. Rc2 Rxc2 32. Qxc2 Be7 33. Bc4 Kg7 34.
Qb1 Bd8 35. Qe1 Qb7 36. f3 Ba5 37. Qe3 Bd8 38. h4 h5 39. f4 f6 40. fxe5 fxe5
41. Qh6+ Kf7 42. Qh7+ Kf8 43. Qh8+ Kf7 44. Qxd8 Nxe4 45. Bh6 Qe7 46. Qxe7+ Kxe7
47. Kf3 Nf6 48. Bd2 e4+ 49. Kf4 Nd7 50. Kxe4 Nc5+ 51. Kf4 Nd7 52. Bxb4 Ne5 53.
Bc3 Nxc4 54. bxc4 Kd7 55. Kg5 Ke7 56. Kxg6 Kf8 57. Kxh5 Kf7 58. Kg5 Kg8 59. Kg6
Kf8 60. h5 Kg8 61. h6 Kf8 62. h7 Ke8 63. h8=Q+ Ke7 64. Bf6+ Kd7 65. Qd8# 1-0

[Event "West Wales Open"]
[Site "Swansea"]
[Date "2016.11.26"]
[Round "2.4"]
[White "Hewitt, William"]
[Black "Probert, Malcolm"]
[Result "1-0"]
[WhiteElo "2042"]
[BlackElo "1617"]
[PlyCount "77"]
[EventDate "2016.11.25"]
[EventCountry "WLS"]
[SourceDate "2016.12.01"]

1. e4 c5 2. Nf3 g6 3. d4 Bg7 4. Nc3 Nc6 5. dxc5 Qa5 6. Bd2 Qxc5 7. Bd3 a6 8.
O-O Nf6 9. Na4 Qd6 10. Nb6 Rb8 11. Bc3 e5 12. Nc4 Qe7 13. Ncxe5 O-O 14. Nxc6
dxc6 15. Re1 Bg4 16. h3 Be6 17. a4 Rbd8 18. a5 Nd7 19. Bxg7 Kxg7 20. Qe2 Nc5
21. Bc4 Rd7 22. b4 Bxc4 23. Qxc4 Ne6 24. Rad1 Rfd8 25. Rxd7 Qxd7 26. Kf1 Qc7
27. g3 Qc8 28. Qc3+ Kg8 29. Qf6 Ng7 30. Kg2 Ne8 31. Qc3 Nc7 32. Re3 Nb5 33. Qc5
Nd6 34. Nd4 Qd7 35. c3 Re8 36. e5 Nf5 37. Nxf5 Qxf5 38. Qd4 Re7 39. Qd8+ 1-0

[Event "West Wales Open"]
[Site "Swansea"]
[Date "2016.11.26"]
[Round "2.5"]
[White "Turner, Joseph David"]
[Black "Williams, David J"]
[Result "1-0"]
[WhiteElo "1942"]
[BlackElo "1560"]
[PlyCount "47"]
[EventDate "2016.11.25"]
[EventCountry "WLS"]
[SourceDate "2016.12.01"]

1. e4 d6 2. d4 Nf6 3. Nc3 g6 4. h3 Bg7 5. Be3 c6 6. Qd2 Qa5 7. g4 Na6 8. Nge2
O-O 9. Bg2 e5 10. O-O Re8 11. f4 exf4 12. Rxf4 Be6 13. Raf1 Rf8 14. Rxf6 Bxf6
15. Rxf6 Bxa2 16. b3 Rad8 17. Nc1 c5 18. d5 Bxb3 19. Nxb3 Qc7 20. Ne2 b5 21.
Qc3 b4 22. Qa1 c4 23. Nbd4 Qb6 24. Nf5 1-0

[Event "West Wales Open"]
[Site "Swansea"]
[Date "2016.11.26"]
[Round "2.6"]
[White "James, Dai"]
[Black "Lutchman Singh, Aishwarya"]
[Result "1-0"]
[WhiteElo "1876"]
[BlackElo "1368"]
[PlyCount "47"]
[EventDate "2016.11.25"]
[EventCountry "WLS"]
[SourceDate "2016.12.01"]

1. f4 d5 2. Nf3 Nc6 3. g3 g6 4. Bg2 Bg7 5. O-O Nf6 6. d3 Bg4 7. h3 Be6 8. c3
Qd7 9. Kh2 h5 10. Ng5 h4 11. g4 Bxg4 12. hxg4 Nxg4+ 13. Kg1 Qd6 14. e4 dxe4 15.
Qxg4 Qxd3 16. Rd1 Qc2 17. Na3 Qa4 18. Be3 f5 19. Qe2 e5 20. Nb5 Rc8 21. Bxe4
fxe4 22. Qg4 O-O 23. Qxh4 Qxb5 24. Qh7# 1-0

[Event "West Wales Open"]
[Site "Swansea"]
[Date "2016.11.26"]
[Round "2.7"]
[White "Jukes, Sam"]
[Black "Guy, David"]
[Result "1/2-1/2"]
[WhiteElo "1725"]
[BlackElo "1832"]
[PlyCount "91"]
[EventDate "2016.11.25"]
[EventCountry "WLS"]
[SourceDate "2016.12.01"]

1. d4 Nf6 2. c4 g6 3. Nc3 d5 4. e3 Bg7 5. Nf3 O-O 6. Be2 a6 7. O-O Nc6 8. b3
Bg4 9. Bb2 e6 10. Nd2 Bxe2 11. Qxe2 Re8 12. f4 Ne7 13. Nf3 Qb8 14. Rad1 Qa7 15.
Kh1 Rad8 16. e4 Nxe4 17. Nxe4 dxe4 18. Qxe4 Nf5 19. Ne5 h5 20. Rd3 c6 21. Rfd1
Qb8 22. Bc3 Qc7 23. Bb4 Bf8 24. Be1 Be7 25. Bf2 Bf6 26. h3 Kg7 27. Qe1 Be7 28.
Qd2 Bf6 29. Rf1 Be7 30. Qc2 Bf6 31. a4 b5 32. axb5 axb5 33. Rc1 Bxe5 34. dxe5
Rxd3 35. Qxd3 Rd8 36. Qc3 Qb7 37. cxb5 Qxb5 38. b4 Qe2 39. Qe1 Qb5 40. Bc5 Qd3
41. Rc3 Qb5 42. Kh2 Qa4 43. Rc1 Qb5 44. Rc3 Qa4 45. Rc1 Qb5 46. Qc3 1/2-1/2

[Event "West Wales Open"]
[Site "Swansea"]
[Date "2016.11.26"]
[Round "2.8"]
[White "Thomas, Roy"]
[Black "Buttell, David"]
[Result "1/2-1/2"]
[WhiteElo "1718"]
[BlackElo "1768"]
[PlyCount "158"]
[EventDate "2016.11.25"]
[EventCountry "WLS"]
[SourceDate "2016.12.01"]

1. f4 d5 2. e3 g6 3. Nf3 Bg7 4. Be2 b6 5. O-O e6 6. d4 Nf6 7. b3 O-O 8. Ba3 Re8
9. Ne5 Bb7 10. Nd2 c6 11. c4 Nbd7 12. Bf3 Bf8 13. Bxf8 Rxf8 14. Qe1 Ne8 15.
cxd5 cxd5 16. Rc1 Nxe5 17. fxe5 Rc8 18. Qg3 Ng7 19. Qf2 Qe7 20. Nb1 Rc7 21. Qd2
Rfc8 22. Rxc7 Qxc7 23. Na3 Ba6 24. Rd1 Qc3 25. e4 Qxd2 26. Rxd2 Rc1+ 27. Kf2
dxe4 28. Bxe4 Rf1+ 29. Ke3 Re1+ 30. Kf3 Nf5 31. Bxf5 gxf5 32. Kf2 Rf1+ 33. Kg3
Bb7 34. Nb5 a6 35. Nd6 Bd5 36. Nc8 b5 37. Ne7+ Kg7 38. Nxd5 exd5 39. Rf2 f4+
40. Rxf4 Ra1 41. Rf6 Rxa2 42. Rd6 Ra3 43. Rxd5 Rxb3+ 44. Kf4 a5 45. Rd7 Rb1 46.
e6 Rf1+ 47. Kg4 Kf8 48. e7+ Ke8 49. Ra7 Rd1 50. Rxa5 Rxd4+ 51. Kf5 b4 52. Kf6
Rd6+ 53. Kg7 Rg6+ 54. Kxh7 Rxg2 55. h4 b3 56. h5 b2 57. Rb5 f5 58. h6 f4 59.
Kh8 f3 60. h7 f2 61. Rb8+ Kxe7 62. Re8+ Kd6 63. Re6+ Kd5 64. Re5+ Kd4 65. Re4+
Kd3 66. Re3+ Kd2 67. Rd3+ Kc1 68. Rd1+ Kc2 69. Rd2+ Kc3 70. Rd3+ Kc4 71. Rc3+
Kd4 72. Rd3+ Ke4 73. Re3+ Kf4 74. Rf3+ Kg4 75. Rf4+ Kh3 76. Rh4+ Kg3 77. Rh3+
Kg4 78. Rh4+ Kf3 79. Rf4+ Kxf4 1/2-1/2

[Event "West Wales Open"]
[Site "Swansea"]
[Date "2016.11.26"]
[Round "3.1"]
[White "Bevan, Peter M"]
[Black "Jones, Iolo C"]
[Result "0-1"]
[WhiteElo "1940"]
[BlackElo "2172"]
[PlyCount "172"]
[EventDate "2016.11.25"]
[EventCountry "WLS"]
[SourceDate "2016.12.01"]

1. c4 Nf6 2. Nc3 e5 3. g3 d5 4. cxd5 Nxd5 5. Bg2 Nb6 6. Nf3 Nc6 7. O-O Be7 8.
Rb1 a5 9. d4 exd4 10. Nb5 Bf5 11. Bf4 Nd5 12. Nfxd4 Nxd4 13. Qxd4 Bxb1 14. Bxd5
O-O 15. Bxc7 Qe8 16. Be5 Qxb5 17. Bxg7 Rfd8 18. Bh6 Bf8 19. Bxf8 Rxf8 20. Rxb1
Qxe2 21. Bxb7 Rad8 22. Qf6 Qe6 23. Qf4 Rfe8 24. b3 Qe5 25. Qg4+ Kh8 26. Rd1
Rxd1+ 27. Qxd1 Qe1+ 28. Qxe1 Rxe1+ 29. Kg2 Re2 30. a4 Kg7 31. Kf3 Rb2 32. Bd5
f6 33. g4 Kf8 34. h4 h6 35. Kg3 Rc2 36. f3 Ke7 37. Kf4 Rh2 38. h5 Re2 39. Be4
Ke6 40. Bf5+ Kd6 41. Bd3 Re5 42. Bc4 Rg5 43. Ke4 Ke7 44. Bd3 f5+ 45. Kf4 fxg4
46. fxg4 Rc5 47. Bc4 Kd6 48. Bg8 Rc8 49. Bc4 Rc5 50. Bg8 Ke7 51. Bc4 Kf6 52.
Bg8 Rc8 53. Bc4 Rd8 54. Ke4 Kg5 55. Be6 Rd1 56. Bf5 Kf6 57. Bh7 Rd7 58. Bf5 Rb7
59. Kd4 Rxb3 60. Kc5 Rb4 61. Bd7 Ke7 62. Bb5 Rxg4 63. Kb6 Kd6 64. Kxa5 Kc5 65.
Ka6 Rg5 66. Be2 Kb4 67. Kb6 Kxa4 68. Kc6 Kb4 69. Kd6 Kc3 70. Ke6 Kd2 71. Bf3
Ke3 72. Bd1 Kf4 73. Kf6 Rd5 74. Be2 Rd6+ 75. Kg7 Kg5 76. Bf3 Rd7+ 77. Kf8 Rd3
78. Be2 Rd2 79. Bb5 Kxh5 80. Kf7 Kg5 81. Ke6 h5 82. Ke5 Rb2 83. Bc6 Re2+ 84.
Kd4 Kf4 85. Kd3 Re6 86. Bb7 Kg3 0-1

[Event "West Wales Open"]
[Site "Swansea"]
[Date "2016.11.26"]
[Round "3.2"]
[White "Hewitt, William"]
[Black "Turner, Joseph David"]
[Result "1-0"]
[WhiteElo "2042"]
[BlackElo "1942"]
[PlyCount "49"]
[EventDate "2016.11.25"]
[EventCountry "WLS"]
[SourceDate "2016.12.01"]

1. e4 Nc6 2. Nf3 f5 3. exf5 d5 4. Bb5 Bxf5 5. Ne5 Qd6 6. d4 Nf6 7. O-O Nd7 8.
Bxc6 bxc6 9. Bf4 Nxe5 10. Bxe5 Qg6 11. c4 Bd3 12. Re1 Rb8 13. cxd5 Rxb2 14. Nc3
Rc2 15. Rc1 Rxc1 16. Qxc1 Bc4 17. dxc6 Qxc6 18. d5 Bxd5 19. Nxd5 Qxd5 20. Qxc7
Qd7 21. Qc4 h5 22. Bf4 g6 23. Rb1 e6 24. Qe4 Qf7 25. Rb8+ 1-0

[Event "West Wales Open"]
[Site "Swansea"]
[Date "2016.11.26"]
[Round "3.3"]
[White "Young, Alan"]
[Black "James, Dai"]
[Result "1-0"]
[WhiteElo "2029"]
[BlackElo "1876"]
[PlyCount "51"]
[EventDate "2016.11.25"]
[EventCountry "WLS"]
[SourceDate "2016.12.01"]

1. e4 e6 2. d4 d5 3. Nc3 dxe4 4. Nxe4 Nd7 5. Nf3 Be7 6. c3 Ngf6 7. Nxf6+ Nxf6
8. Be2 O-O 9. Ne5 c5 10. O-O cxd4 11. cxd4 Nd5 12. Bd3 f5 13. a3 Bf6 14. Re1
Ne7 15. Bc4 a6 16. Nf3 Nc6 17. Be3 f4 18. Bxf4 Nxd4 19. Nxd4 Bxd4 20. Qd2 Qf6
21. Rad1 Bxb2 22. Bg5 Qc3 23. Qe2 b5 24. Bd3 Bb7 25. Qxe6+ Kh8 26. Qh3 1-0

[Event "West Wales Open"]
[Site "Swansea"]
[Date "2016.11.26"]
[Round "3.4"]
[White "Jones, Ian Robert"]
[Black "Simon, Marek"]
[Result "0-1"]
[WhiteElo "1973"]
[BlackElo "1846"]
[PlyCount "126"]
[EventDate "2016.11.25"]
[EventCountry "WLS"]
[SourceDate "2016.12.01"]

1. e4 c6 2. d4 d5 3. Nc3 dxe4 4. Nxe4 Bf5 5. Ng3 Bg6 6. Nh3 Nd7 7. Nf4 e5 8.
Nxg6 hxg6 9. dxe5 Qa5+ 10. Bd2 Qxe5+ 11. Qe2 O-O-O 12. Qxe5 Nxe5 13. Be2 Nf6
14. Bc3 Bd6 15. O-O-O Neg4 16. Bxf6 Nxf6 17. f3 Bf4+ 18. Kb1 Rxd1+ 19. Rxd1
Rxh2 20. Ne4 Nd5 21. Bd3 Rxg2 22. Rh1 Rh2 23. Rxh2 Bxh2 24. Ng5 f5 25. Ne6 Ne7
26. Nxg7 Kd7 27. Bc4 Nd5 28. Bd3 Be5 29. Nxf5 gxf5 30. Bxf5+ Ke7 31. a4 b6 32.
c3 Kf6 33. Be4 Kg5 34. Kc2 Kf4 35. Kd3 Ne7 36. Kc4 Ke3 37. Kb3 Kd2 38. Bh7 Kc1
39. Be4 a5 40. Ka2 c5 41. Ka3 Ng8 42. f4 Bxf4 43. b4 cxb4+ 44. cxb4 Bd6 45. Kb3
Bxb4 46. Bc6 Ne7 47. Be8 Nd5 48. Bc6 Nc3 49. Be8 Nd5 50. Bc6 Nc3 51. Be8 Kd2
52. Bd7 Kd3 53. Bf5+ Kd4 54. Bd7 Kc5 55. Be8 Ne2 56. Bd7 Nd4+ 57. Ka2 Bc3 58.
Ka3 Kc4 59. Be8 Nc2+ 60. Ka2 Kb4 61. Bg6 Nd4 62. Be8 Nb3 63. Bf7 Nc5 0-1

[Event "West Wales Open"]
[Site "Swansea"]
[Date "2016.11.26"]
[Round "3.5"]
[White "Guy, David"]
[Black "Bonutto, Stephen"]
[Result "1-0"]
[WhiteElo "1832"]
[BlackElo "1447"]
[PlyCount "68"]
[EventDate "2016.11.25"]
[EventCountry "WLS"]
[SourceDate "2016.12.01"]

1. d4 d5 2. c4 e6 3. Nc3 Nf6 4. Bg5 Be7 5. Nf3 O-O 6. e3 c6 7. Qc2 Nbd7 8. Bd3
dxc4 9. Bxc4 c5 10. O-O Nb6 11. Be2 cxd4 12. Nxd4 Nfd5 13. Bxe7 Qxe7 14. Ne4
Bd7 15. Rac1 Rac8 16. Qb1 Kh8 17. a3 e5 18. Nb3 Bf5 19. Bd3 Rfd8 20. Rxc8 Rxc8
21. Nd6 Qxd6 22. Bxf5 Rc7 23. Rd1 Qf6 24. Be4 Rd7 25. Qc1 Rc7 26. Qa1 Rd7 27.
Nc5 Rd8 28. Nxb7 Rb8 29. Nc5 Nc7 30. b4 g6 31. h3 Ne6 32. Nd7 Nxd7 33. Rxd7 Ng5
34. Bd3 e4 1-0

[Event "West Wales Open"]
[Site "Swansea"]
[Date "2016.11.26"]
[Round "3.6"]
[White "Probert, Malcolm"]
[Black "Jukes, Sam"]
[Result "0-1"]
[WhiteElo "1617"]
[BlackElo "1725"]
[PlyCount "52"]
[EventDate "2016.11.25"]
[EventCountry "WLS"]
[SourceDate "2016.12.01"]

1. Nf3 d5 2. c4 e6 3. b3 Nf6 4. g3 Be7 5. Bg2 O-O 6. O-O c5 7. cxd5 exd5 8. d4
Nc6 9. Bb2 Be6 10. dxc5 Bxc5 11. e3 Qe7 12. Qc2 Rac8 13. Nc3 Rfd8 14. Rac1 Nb4
15. Qb1 a6 16. a3 Nc6 17. Ng5 Bxa3 18. Nxd5 Bxd5 19. Bxf6 Qxf6 20. Qxh7+ Kf8
21. Rxc6 Bxc6 22. Qh4 Qg6 23. Bxc6 bxc6 24. Ra1 Bb2 25. Ra4 Kg8 26. Rg4 Bf6 0-1

[Event "West Wales Open"]
[Site "Swansea"]
[Date "2016.11.26"]
[Round "3.7"]
[White "Williams, David J"]
[Black "Thomas, Roy"]
[Result "0-1"]
[WhiteElo "1560"]
[BlackElo "1718"]
[PlyCount "102"]
[EventDate "2016.11.25"]
[EventCountry "WLS"]
[SourceDate "2016.12.01"]

1. e4 c5 2. Nf3 Nc6 3. d4 cxd4 4. Nxd4 e5 5. Nf3 Nf6 6. Bd3 d5 7. exd5 Nxd5 8.
O-O Bd6 9. Bc4 Nb6 10. Bxf7+ Kxf7 11. Ng5+ Kg8 12. Ne4 Be7 13. Qf3 Qf8 14. Qg3
Bf5 15. Nbc3 Rd8 16. Be3 h5 17. f4 h4 18. Qe1 Nd5 19. fxe5 Nxe3 20. Qxe3 Nxe5
21. Qf4 Bxe4 22. Qxe4 Bc5+ 23. Kh1 Qe7 24. Nd5 Qe6 25. Rad1 Bd6 26. Nf4 Qc4 27.
Qxb7 Rd7 28. Qa8+ Kh7 29. Qd5 Qxd5 30. Nxd5 Rhd8 31. b3 Bc5 32. c4 Nc6 33. Rde1
Nb4 34. Nxb4 Bxb4 35. Re4 Rd4 36. Re3 Rf8 37. Ref3 Rxf3 38. gxf3 Rd2 39. Ra1
Bc3 40. Rc1 Be5 41. c5 Rxh2+ 42. Kg1 Rxa2 43. c6 Bc7 44. Rc4 g5 45. Re4 Kg6 46.
Re7 Bb6+ 47. Kh1 Rc2 48. Re6+ Kf5 49. Rd6 Kf4 50. Rg6 Be3 51. b4 Kg3 0-1

[Event "West Wales Open"]
[Site "Swansea"]
[Date "2016.11.26"]
[Round "3.8"]
[White "Lutchman Singh, Karanvir"]
[Black "Lutchman Singh, Aishwarya"]
[Result "0-1"]
[WhiteElo "1655"]
[BlackElo "1368"]
[PlyCount "114"]
[EventDate "2016.11.25"]
[EventCountry "WLS"]
[SourceDate "2016.12.01"]

1. e4 e5 2. Nf3 Nc6 3. Bb5 Bc5 4. O-O a6 5. Ba4 b5 6. Bb3 Nf6 7. Re1 d6 8. h3
Na5 9. c3 Nxb3 10. axb3 Be6 11. d4 Bb6 12. d5 Bd7 13. c4 O-O 14. Bg5 h6 15. Bh4
g5 16. Bg3 g4 17. Nh4 gxh3 18. gxh3 Bxh3 19. Kh2 Qd7 20. Rg1 Ng4+ 21. Kh1 Kh7
22. Nf5 Bxf2 23. Qd2 Bxg1 24. Kxg1 Rg8 25. Nc3 Rg5 26. Kh1 Rag8 27. Bh4 R5g6
28. Ne7 Qe8 29. Rxa6 Nf2+ 30. Qxf2 Rg1+ 31. Kh2 R8g2+ 32. Qxg2 Rxg2+ 33. Kxh3
Rxb2 34. Nxb5 f6 35. Bxf6 Qh5+ 36. Bh4 Qf3+ 37. Bg3 Rg2 38. Nf5 Rg1 39. Ra2
Rh1+ 40. Rh2 Rxh2+ 41. Kxh2 Qxe4 42. Nfxd6 cxd6 43. Nxd6 Qc2+ 44. Kg1 Qxb3 45.
Bxe5 Qe3+ 46. Kf1 Qxe5 47. c5 Qxd5 48. c6 Qxd6 49. c7 Qxc7 50. Kf2 Kg6 51. Kg2
Qf4 52. Kh3 Kg5 53. Kg2 Qe3 54. Kh1 Kg4 55. Kg2 Qd2+ 56. Kh1 Kg3 57. Kg1 Qg2#
0-1

[Event "West Wales Open"]
[Site "Swansea"]
[Date "2016.11.27"]
[Round "4.1"]
[White "Jones, Iolo C"]
[Black "Young, Alan"]
[Result "1-0"]
[WhiteElo "2172"]
[BlackElo "2029"]
[PlyCount "73"]
[EventDate "2016.11.25"]
[EventCountry "WLS"]
[SourceDate "2016.12.01"]

1. d4 c5 2. d5 e6 3. e4 Nf6 4. Nc3 d6 5. Nf3 Be7 6. Bb5+ Bd7 7. dxe6 fxe6 8. e5
dxe5 9. Nxe5 Bxb5 10. Qxd8+ Bxd8 11. Nxb5 O-O 12. O-O Nd5 13. Nd3 Nd7 14. c4
Nb4 15. Nxb4 cxb4 16. Bd2 Be7 17. Rae1 e5 18. Nc7 Rac8 19. Nd5 Bd6 20. b3 a5
21. Be3 Rc6 22. Rd1 Re8 23. Rd2 Nc5 24. f3 Ne6 25. Re1 Kf7 26. Kf1 Rd8 27. Nb6
Re8 28. Na4 Nc5 29. Rxd6 Rxd6 30. Nxc5 Re7 31. Ne4 Rc6 32. Rd1 Kg8 33. Rd8+ Kf7
34. Bc5 Rec7 35. Bd6 Rc8 36. Rd7+ Ke6 37. Re7+ 1-0

[Event "West Wales Open"]
[Site "Swansea"]
[Date "2016.11.27"]
[Round "4.2"]
[White "Simon, Marek"]
[Black "Hewitt, William"]
[Result "1/2-1/2"]
[WhiteElo "1846"]
[BlackElo "2042"]
[PlyCount "48"]
[EventDate "2016.11.25"]
[EventCountry "WLS"]
[SourceDate "2016.12.01"]

1. d4 Nf6 2. c4 g6 3. Nc3 d5 4. Qb3 dxc4 5. Qxc4 Bg7 6. e4 O-O 7. Nf3 a6 8. Bf4
b5 9. Qxc7 Qxc7 10. Bxc7 Bb7 11. e5 Nd5 12. Nxd5 Bxd5 13. Be2 Rc8 14. Ba5 Nc6
15. Bd2 f6 16. b3 fxe5 17. dxe5 Nxe5 18. Rc1 Rxc1+ 19. Bxc1 Rc8 20. Kd1 Rd8 21.
Ke1 Rc8 22. Kd1 Be4 23. Nxe5 Bxe5 24. Bf3 Bb1 1/2-1/2

[Event "West Wales Open"]
[Site "Swansea"]
[Date "2016.11.27"]
[Round "4.3"]
[White "Guy, David"]
[Black "Bevan, Peter M"]
[Result "1-0"]
[WhiteElo "1832"]
[BlackElo "1940"]
[PlyCount "53"]
[EventDate "2016.11.25"]
[EventCountry "WLS"]
[SourceDate "2016.12.01"]

1. d4 Nf6 2. Nf3 g6 3. Bf4 Bg7 4. e3 d6 5. Bd3 c5 6. c3 Nbd7 7. h3 O-O 8. O-O
b6 9. Nbd2 a5 10. Qe2 Bb7 11. e4 Ra7 12. Bh2 Qa8 13. e5 dxe5 14. dxe5 Ne8 15.
e6 Ndf6 16. Rfe1 Bd5 17. exf7+ Bxf7 18. Ng5 Bd5 19. Ndf3 Qc8 20. Bc4 Qf5 21.
Ne6 Qxe6 22. Qxe6+ Bxe6 23. Rxe6 b5 24. Rxe7+ bxc4 25. Rxa7 Rf7 26. Rxf7 Kxf7
27. Ne5+ 1-0

[Event "West Wales Open"]
[Site "Swansea"]
[Date "2016.11.27"]
[Round "4.4"]
[White "Jukes, Sam"]
[Black "Turner, Joseph David"]
[Result "0-1"]
[WhiteElo "1725"]
[BlackElo "1942"]
[PlyCount "44"]
[EventDate "2016.11.25"]
[EventCountry "WLS"]
[SourceDate "2016.12.01"]

1. d4 Nf6 2. c4 Nc6 3. Nf3 d6 4. Nc3 g6 5. Bg5 Bg7 6. e4 h6 7. Bh4 g5 8. Bg3 g4
9. Nh4 Nh5 10. Nf5 Bxf5 11. exf5 Nxg3 12. hxg3 h5 13. d5 Nd4 14. Bd3 Qd7 15.
Qb1 O-O-O 16. Ne2 Nxe2 17. Bxe2 e6 18. Bd3 exd5 19. cxd5 Qe7+ 20. Kf1 h4 21.
Qe1 Be5 22. Qa5 hxg3 0-1